| 000 | 00898nam a2200229Ia 4500 | ||
|---|---|---|---|
| 003 | GCL | ||
| 008 | 140319s9999 xx 000 0 ara d | ||
| 020 | _a0881223977 | ||
| 040 |
_aGCL / _cGCL |
||
| 082 | 0 | 4 |
_a398.2 _bا ف |
| 100 | 1 | _aابراهيم عبدالحافظ | |
| 245 | 1 | 0 |
_aالفنون الادبية الشعبية : _bدراسات فى ديناميات التغير / _cابراهيم عبدالحافظ |
| 250 | _aالاولى | ||
| 260 |
_aالقاهرة : _bمركز البحوث والدراسات الاجتماعية ، _c2004 |
||
| 300 |
_a437 ص ؛ _c24سم |
||
| 490 |
_aتقارير بحث التراث والتغير الاجتماعى _v15 |
||
| 650 | 0 | 4 | _aالشعر الصوفى |
| 650 | 0 | 4 | _aالادب الشعبى - تاريخ ونقد |
| 650 | 0 | 4 | _aالادب الشعبى - مجموعات |
| 650 | 0 | 4 | _aالادب الشعبى - مصر |
| 942 |
_2ddc _cBK |
||
| 999 |
_c32893 _d32893 |
||